National Network Seminar on Vocational Rehabilitation and Employment (Record no. 518394)

MARC details
000 -LEADER
fixed length control field 00795nam a2200265Ia 4500
003 - CONTROL NUMBER IDENTIFIER
control field OSt
005 - DATE AND TIME OF LATEST TRANSACTION
control field 20220925191425.0
008 - FIXED-LENGTH DATA ELEMENTS--GENERAL INFORMATION
fixed length control field 220923b |||||||| |||| 00| 0 eng d
037 ## - SOURCE OF ACQUISITION
Terms of availability General Book
040 ## - CATALOGING SOURCE
Original cataloging agency RTL
Transcribing agency RTL
Language of cataloging eng
041 ## - LANGUAGE CODE
Source of code eng
Language code of text/sound track or separate title eng
100 ## - MAIN ENTRY--PERSONAL NAME
Personal name Mithu Alur Ed.
9 (RLIN) 241976
110 ## - MAIN ENTRY--CORPORATE NAME
Corporate name or jurisdiction name as entry element M C A (Delhi)
9 (RLIN) 241977
245 #0 - TITLE STATEMENT
Title National Network Seminar on Vocational Rehabilitation and Employment
260 ## - PUBLICATION, DISTRIBUTION, ETC.
Place of publication, distribution, etc. Bombay
Name of publisher, distributor, etc. M C A Publishers
Date of publication, distribution, etc. 1992
300 ## - PHYSICAL DESCRIPTION
Extent 196p
Dimensions cm.
490 ## - SERIES STATEMENT
Series statement National Job Development Centre
650 ## - SUBJECT ADDED ENTRY--TOPICAL TERM
Topical term or geographic name entry element Untouchables
700 ## - ADDED ENTRY--PERSONAL NAME
Personal name M C A (Delhi)
9 (RLIN) 241978
942 ## - ADDED ENTRY ELEMENTS (KOHA)
Classification part Y6:3(X:991).2.N9, N3
Koha item type General Books
Source of classification or shelving scheme Colon Classification (CC)

No items available.

Copyright @ Delhi University Library System